Osobitosti mimoriadnych účtovných závierok dizertačná práca
Gespeichert in:
| 1. Verfasser: | |
|---|---|
| Körperschaft: | |
| Weitere Verfasser: | |
| Format: | Buch |
| Sprache: | Slowakisch |
| Veröffentlicht: |
Bratislava
2008
|
| Schlagworte: | |
| Tags: |
Keine Tags, Fügen Sie das erste Tag hinzu!
|
MARC
| LEADER | 00000nam$a2200000$$$4500 | ||
|---|---|---|---|
| 001 | 0082634 | ||
| 005 | 20240502071928.5 | ||
| 041 | 0 | |a slo | |
| 044 | |a SK | ||
| 245 | 1 | 0 | |a Osobitosti mimoriadnych účtovných závierok |b dizertačná práca |c Renáta Silná ; škol. Anna Šlosárová |
| 264 | 1 | |a Bratislava |c 2008 | |
| 300 | |a 154 s. | ||
| 610 | 2 | 0 | |a účtovníctvo |
| 610 | 2 | 0 | |a závierka účtovná |
| 100 | 1 | |a Silná, Renáta, 1981- | |
| 700 | 1 | |a Šlosárová, Anna | |
| 710 | 2 | |a Fakulta hospodárskej informatiky EU. Katedra účtovníctva a audítorstva | |